Did John Cena win or lose? - Statistics

General Stats
  • This quiz has been taken 102 times
  • The average score is 11 of 15
Answer Stats
Question Answer % Correct
vs AJ Styles Royal Rumble 2017 Win
92%
vs Baron Corbin SummerSlam 2017 Win
91%
vs The Great Khali Judgment Day 2007 Win
89%
vs Roman Reigns No Mercy 2017 Loss
88%
vs The Rock Wrestlemania 29 Win
86%
vs Randy Orton Breaking Point 2009 Win
84%
vs CM Punk SummerSlam 2011 Loss
81%
vs Bray Wyatt Wrestlemania 30 Win
80%
vs Triple H The Greatest Royal Rumble 2018 Win
78%
vs Randy Orton TLC 2013 Loss
74%
vs Triple H vs Randy Orton Wrestlemania 24 Loss
68%
vs Edge SummerSlam 2006 Loss
57%
vs Batista Elimination Chamber 2010 Loss
55%
vs Kevin Owens Elimination Chamber 2015 Loss
54%
vs Alberto Del Rio Hell in a Cell 2015 Loss
49%
No matching quizzes found
Score Distribution
Percent of People with Each Score
Percentile by Number Answered
Your Score History
You have not taken this quiz